| 000 | 00835nam a2200217 4500 | ||
|---|---|---|---|
| 001 | 112624 | ||
| 003 | ES-MaACL | ||
| 005 | 20250505180702.0 | ||
| 007 | t| | ||
| 008 | 061121s1964 sp r ||||1| spa d | ||
| 110 | 2 |
_aMovimiento Nacional (España). _bConsejo Nacional. _95778 |
|
| 245 | 1 | 0 |
_aIX Consejo Nacional del Movimiento celebrado en Madrid en abril de 1964 : _bponencias, moción especial y discursos de los ministros de Educación Nacional y de Información y Turismo. |
| 260 |
_aMadrid : _bEdiciones del Movimiento, _c1964. |
||
| 300 |
_a73 p. ; _c23 cm. |
||
| 651 | 4 |
_aEspaña- _xHistoria- _y1955-1975. _98337 |
|
| 700 | 1 |
_aLora-Tamayo, Manuel. _974059 |
|
| 700 | 1 |
_aFraga Iribarne, Manuel, _d1922-2012 _9193721 |
|
| 710 | 2 |
_aEdiciones del Movimiento. _9171800 |
|
| 852 |
_aES-MaACL _jC-25399 |
||
| 999 |
_c112624 _d112624 |
||